Score 0/20 Timer 03:00
0 Plays Today
Clue 4-Letter Word % Correct
Relative of the rabbitHARE
95.7%
☢'You ____ no chance to survive [Rung 16] your time'☢
Possess or own
☢HAVE☢
95.6%
Not thereHERE
93.7%
☢In the game the character's a lone ____
Superman or Batman, e.g.
☢HERO☢
87.6%
Vera ____, Fashion designerWANG
81.3%
Become weakerWANE
76.9%
☢[Rung 1] ____, Video game developed in 1989☢
Appendage that enables some animals to fly
☢WING☢
76.2%
Friend or companion (Brit.)MATE
75.9%
Wise manSAGE
70.9%
Psychological horror video game 'Alan ____'
Stop sleeping
WAKE
70.6%
Clue 4-Letter Word % Correct
'Star Wars' or 'The Godfather', e.g.SAGA
68.7%
☢'You [Rung 5] no chance to survive ____ your time'☢
Create
☢MAKE☢
67.7%
☢The game was ported to the ____ [Rung 12] Drive in Japan & Europe in 1991☢
'Sonic the Hedgehog' developer
☢SEGA☢
64.6%
☢____ [Rung 20], Video game developed in 1989☢
Video game 'F-____'
☢ZERO☢
61%
☢The game was ported to the [Rung 11] ____ Drive in Japan & Europe in 1991☢
Dr. Wily's nemesis, '____ Man'
☢MEGA☢
56.1%
Dispense or allot justiceMETE
55.6%
☢'All your ____ are belong to us'☢
The lowest part of something
☢BASE☢
50.5%
Enclosure with postage and street location already on itSASE
49.1%
Drool, in FrenchBAVE
49%
Self-referentialMETA
46.9%

Today's Daily Dose

Remove Ads.
Support Sporcle.
Get the best of Sporcle when you Go Orange. This ad-free experience offers more features, more stats, and more fun while also helping to support Sporcle. Thank you for becoming a member.

You're not logged in!

Compare scores with friends on all Sporcle quizzes.
OR
Log In

Show Comments

Extras

Top Quizzes Today


Score Distribution

Your Account Isn't Verified!

In order to create a playlist on Sporcle, you need to verify the email address you used during registration. Go to your Sporcle Settings to finish the process.

Report this User

Report this user for behavior that violates our Community Guidelines.

Details: